Teatro

Enregistré dans:
Détails bibliographiques
Auteur principal: Romains, Jules (Auteur)
Format: Livre
Langue:espagnol
Publié: Buenos Aires Losada S. A 1957
Collection:Gran Teatro del Mundo
Sujets:
Tags: Ajouter un tag
Pas de tags, Soyez le premier à ajouter un tag!

MARC

LEADER 00000cam a2200000 a 4500
001 UCF8525
003 CL-VaPUC
008 130906e19570000ag |||||||||||||||||spa|d
082 0 4 |a 842  |b ROM  |2 21 
100 0 |a Romains, Jules  |e author  |9 332912 
245 1 0 |a Teatro 
246 1 0 |a Knock o el triunfo de la medicina 
246 1 3 |a El casamiento del señor Trouhadec 
246 1 3 |a El señor Trouhadec arrastrado por el libertinaje 
246 1 0 |a Donogoo 
300 |a 349 p 
942 |c BK 
945 |d 20130906 13:01:00  |a dcastane 
260 |a Buenos Aires  |b Losada S. A  |c 1957 
650 7 |a DRAMAS FRANCESES  |2 CL-VaPUC  |9 267189 
650 0 |a Literatura francesa  |9 266330 
583 |a last modification  |c 20130906 13:01:00  |k Rodrigo Vera 
490 0 |a Gran Teatro del Mundo 
999 |c 353096  |d 353094 
952 |0 0  |1 0  |3 erb  |4 0  |6 842_000000000000000_ROM_1957  |7 0  |8 A  |9 458007  |a BIBART  |b BIBART  |d 2019-11-23  |i 5001722  |o 842 ROM 1957  |p 5001722  |r 2025-03-13  |w 2019-11-23  |y BK  |z Catalogado en:20130906  |k ART